000 00864nam a2200229Ii 4500
003 JO-AjNU
008 230605s9999||||xx |||||||||||||| ||und||
017 _a23/0823
020 _a9960-878-77-5
040 _aJO-AjNU
_bara
_erda
_cJO-AjNU
041 _aara
050 1 4 _aHV 5801.A826 2002
100 3 _aاعداد: العواجي، منصور بن ناصر,
_eauthor
_915936
245 0 0 _aالمخدرات طريق الضياع : تعريفات ، اخطار، الوقاية، العلاج، قصص
250 _aط1
264 3 1 _aالرياض: دار طويق للنشر والتوزيع، 2002
300 _a128ص
_bيحتوي على ببلوغرافية من 125-128ص
336 _atext
_btxt
_2rdacontent
337 _aunmediated
_bn
_2rdamedia
338 _avolume
_bnc
_2rdacarrier
650 4 _aمكافحة المخدرات - السعودية
_915937
999 _aA4614
_c8182
_d8182